000 00685 a2200241 4500
001 63724
005 20260407155935.0
008 260407a1969 arg spa d
003 AR-UNSa-BCEJYS
040 _aAR-UNSa-BCEJYS
_bspa
_cAR-UNSa-BCEJYS
080 _a517.1
_xIntroducción al análisis. (Cálculo)
245 1 0 _aCalculo superior
250 _a2a. ed.
264 1 _aNew York :
_bMcGraw-Hill Book Company
_c1969
300 _a572 p.
_c24 cm.
505 _a1. Conjuntos y funciones - 2.
041 _aspa
942 _cBK
590 _aniveau_biblio:m niveau_hierar:0
100 1 _aBuck, Robert Creighton
700 1 _aBuck, Ellen F.
700 1 _aPérez Vilaplana, José
999 _c8284
_d8284